Chick 'n' Pug / (Record no. 484)

MARC details
000 -LEADER
fixed length control field 01034cam a2200325 a 4500
005 - DATE AND TIME OF LATEST TRANSACTION
control field 20240116145850.0
020 ## - INTERNATIONAL STANDARD BOOK NUMBER
International Standard Book Number 9781599905341 (hardcover)
020 ## - INTERNATIONAL STANDARD BOOK NUMBER
International Standard Book Number 9781599905358 (reinforced)
020 ## - INTERNATIONAL STANDARD BOOK NUMBER
International Standard Book Number 9780545670241
040 ## - CATALOGING SOURCE
Original cataloging agency DLC
Transcribing agency DLC
Modifying agency DLC
-- FISKH
Language of cataloging eng
050 00 - LIBRARY OF CONGRESS CALL NUMBER
Classification number PZ7.S24935
Item number Chi 2010
082 00 - DEWEY DECIMAL CLASSIFICATION NUMBER
Classification number 813.6
Edition number 22
100 1# - MAIN ENTRY--PERSONAL NAME
Personal name Sattler, Jennifer Gordon
245 10 - TITLE STATEMENT
Title Chick 'n' Pug /
Statement of responsibility, etc. Jennifer Sattler.
246 3# - VARYING FORM OF TITLE
Title proper/short title Chick and Pug
250 ## - EDITION STATEMENT
Edition statement First Scholastic printing, January 2014
260 ## - PUBLICATION, DISTRIBUTION, ETC.
Place of publication, distribution, etc. New York :
Name of publisher, distributor, etc. Scholastic,
Date of publication, distribution, etc. 2010
300 ## - PHYSICAL DESCRIPTION
Extent 16 leaves of plates :
Other physical details color illustrations ;
Dimensions 27 cm.
505 ## - FORMATTED CONTENTS NOTE
Formatted contents note H
520 ## - SUMMARY, ETC.
Summary, etc. Chick leaves the boring coop in order to find his hero, Wonder Pug, and a little bit of excitement.
521 ## - TARGET AUDIENCE NOTE
Target audience note 530 <br/>
Source Lexile
521 ## - TARGET AUDIENCE NOTE
Target audience note M
Source Raz-Plus
650 #1 - SUBJECT ADDED ENTRY--TOPICAL TERM
Topical term or geographic name entry element Roosters
Form subdivision Fiction.
650 #1 - SUBJECT ADDED ENTRY--TOPICAL TERM
Topical term or geographic name entry element Adventure and adventurers
Form subdivision Fiction.
650 #1 - SUBJECT ADDED ENTRY--TOPICAL TERM
Topical term or geographic name entry element Pug
Form subdivision Fiction.
650 #1 - SUBJECT ADDED ENTRY--TOPICAL TERM
Topical term or geographic name entry element Dogs
Form subdivision Fiction.
906 ## - LOCAL DATA ELEMENT F, LDF (RLIN)
a 7
b cbc
c orignew
d 1
e ecip
f 20
g y-gencatlg
942 ## - ADDED ENTRY ELEMENTS (KOHA)
Source of classification or shelving scheme Dewey Decimal Classification
Koha item type Books
Suppress in OPAC No
999 ## -
-- 484
-- 484
Holdings
Withdrawn status Lost status Source of classification or shelving scheme Damaged status Not for loan Collection Home library Current library Shelving location Date acquired Total Checkouts Full call number Barcode Date last seen Date last checked out Copy number Price effective from Koha item type
    Dewey Decimal Classification     Juvenile Fiction Footprints International School Library Network Toul Kork Campus Footprints International School Library Network Toul Kork Campus   04/28/2023 5 SAT 813.6 PZ7.S24935 FISBK05345 03/12/2024 02/26/2024 2 04/28/2023 Books
    Dewey Decimal Classification     Juvenile Fiction Footprints International School Library Network Toul Kork Campus Footprints International School Library Network Toul Kork Campus TK Primary Library Room(4th Floor), Bookcase 3&4, Shelves 17-32, Yellow Books 01/11/2024 1 SAT 813.6 PZ7.S24935 FISTK01977 04/24/2024 03/28/2024 1 01/11/2024 Books